| 000 | 00437nam a2200181 a 4500 | ||
|---|---|---|---|
| 001 | 8006 | ||
| 003 | CO-ViMGA | ||
| 008 | 141112s2004 ck r 000 u spa d | ||
| 040 |
_aCO-ViMGA _bspa _cCO-ViMGA |
||
| 082 | 0 | 4 | _a574.5 G367 |
| 100 | 1 | _aGeorge, Pierre | |
| 245 | 1 | 0 | _aEl medio Ambiente |
| 260 |
_aBarcelona (E), _cOikos Tau, _c1972 |
||
| 300 | _a122.p. | ||
| 650 | 1 | 4 |
_aECOLOGIA _9445 |
| 650 | 1 | 4 | _aMEDIO AMBIENTE |
| 942 |
_2ddc _cBK |
||
| 999 |
_c19829 _d19829 |
||